| 000 | 00407nam a22001577a 4500 | ||
|---|---|---|---|
| 999 |
_c3202 _d3202 |
||
| 003 | OSt | ||
| 005 | 20181029180816.0 | ||
| 008 | 181029b ||||| |||| 00| 0 eng d | ||
| 040 | _cDLC | ||
| 082 |
_a248.4 _bP331M |
||
| 100 | _aPaul Pillai, K.V. | ||
| 245 |
_aA Man After God's Own Heart / _cBy Dr. K.V. Paul Pillai. |
||
| 260 |
_aNew Delhi : _bFazl Publishers, _c2006. |
||
| 300 | _a148 p.: | ||
| 942 |
_2ddc _cBK |
||